Rayuela

Uloženo v:
Podrobná bibliografie
Hlavní autor: Cortázar, Julio, 1914-1984 (Autor)
Médium: Kniha
Jazyk:španělština
Vydáno: Buenos Aires Suma de Letras Argentina 2004
Vydání:1a. ed
Témata:
Tagy: Přidat tag
Žádné tagy, Buďte první, kdo vytvoří štítek k tomuto záznamu!

MARC

LEADER 00000nam a2200000 a 4500
001 UCI2941
003 CL-VaPUC
008 071005e20040000AG |||||||||||||||||spa|d
020 |a 9871106548 
082 0 4 |a Ar863  |b COR  |2 21 
100 |a Cortázar, Julio,  |d 1914-1984  |e author  |9 347319 
245 1 0 |a Rayuela 
250 |a 1a. ed 
300 |a 711 p 
942 |c BK 
945 |d 20071005 00:00:00  |a cmena 
260 |a Buenos Aires  |b Suma de Letras Argentina  |c 2004 
650 0 |a Novelas argentinas  |9 267871 
650 0 |a Literatura argentina  |9 320596 
583 |a last modification  |c 20071005 00:00:00  |k Rodrigo Vera 
999 |c 327350  |d 327348 
952 |0 0  |1 0  |4 0  |6 AR_863_000000000000000_COR_2004  |7 0  |8 A  |9 410092  |a BIBEDU  |b BIBEDU  |d 2019-11-22  |i 433258K  |l 2  |m 1  |o Ar863 COR 2004  |p 433258K  |r 2024-05-02  |s 2024-04-25  |w 2019-11-22  |y BK  |k LIT